ARRUPE JESUIT UNIVERSITY

CORONAVIRUS -STOP THE SPREAD - CLEAN,DISINFECT,COVER

I am Evelyn Amony : (Record no. 131173)

MARC details
000 -LEADER
fixed length control field 01427cam a2200373 i 4500
001 - CONTROL NUMBER
control field 18521660
003 - CONTROL NUMBER IDENTIFIER
control field ARRUPE
005 - DATE AND TIME OF LATEST TRANSACTION
control field 20220330101651.0
008 - FIXED-LENGTH DATA ELEMENTS--GENERAL INFORMATION
fixed length control field 150310t20152015wiuab b s000 0aeng c
010 ## - LIBRARY OF CONGRESS CONTROL NUMBER
LC control number 2015008824
020 ## - INTERNATIONAL STANDARD BOOK NUMBER
International Standard Book Number 9780299304942 (pbk. : alk. paper)
020 ## - INTERNATIONAL STANDARD BOOK NUMBER
Cancelled/invalid ISBN 9780299304935 (e-book)
040 ## - CATALOGING SOURCE
Original cataloging agency WU/DLC
Language of cataloging eng
Transcribing agency WU
Description conventions rda
Modifying agency DLC
042 ## - AUTHENTICATION CODE
Authentication code pcc
043 ## - GEOGRAPHIC AREA CODE
Geographic area code f-ug---
050 00 - LIBRARY OF CONGRESS CALL NUMBER
Classification number DT433.287.A46
Item number A3 2015
082 00 - DEWEY DECIMAL CLASSIFICATION NUMBER
Classification number 967.6104/4092
-- B
Edition number 23
300 ## - PHYSICAL DESCRIPTION
Other physical details illustrations, maps ;
Dimensions 23 cm.
100 1# - MAIN ENTRY--PERSONAL NAME
Personal name Amony, Evelyn,
Relator term author.
9 (RLIN) 51082
245 10 - TITLE STATEMENT
Title I am Evelyn Amony :
Remainder of title reclaiming my life from the Lord's Resistance Army /
Statement of responsibility, etc Evelyn Amony ; edited with an introduction by Erin Baines.
260 ## - PUBLICATION, DISTRIBUTION, ETC. (IMPRINT)
Place of publication, distribution, etc London
Name of publisher, distributor, etc The University of Wisconsin Press
Date of publication, distribution, etc 2015
300 ## - PHYSICAL DESCRIPTION
Extent lii, 181 pages :
490 1# - SERIES STATEMENT
Series statement Women in Africa and the diaspora
504 ## - BIBLIOGRAPHY, ETC. NOTE
Bibliography, etc Includes bibliographical references.
600 10 - SUBJECT ADDED ENTRY--PERSONAL NAME
Personal name Amony, Evelyn.
9 (RLIN) 51082
600 10 - SUBJECT ADDED ENTRY--PERSONAL NAME
Personal name Kony, Joseph.
9 (RLIN) 10149
610 20 - SUBJECT ADDED ENTRY--CORPORATE NAME
Corporate name or jurisdiction name as entry element Lord's Resistance Army.
9 (RLIN) 10150
650 #0 - SUBJECT ADDED ENTRY--TOPICAL TERM
Topical term or geographic name as entry element Human rights workers
Geographic subdivision Uganda
Form subdivision Biography.
9 (RLIN) 51083
651 #0 - SUBJECT ADDED ENTRY--GEOGRAPHIC NAME
Geographic name Uganda
General subdivision History
Chronological subdivision 1979-
9 (RLIN) 10153
700 1# - ADDED ENTRY--PERSONAL NAME
Personal name Baines, Erin K.,
Dates associated with a name 1969-
Relator term editor.
9 (RLIN) 51084
830 #0 - SERIES ADDED ENTRY--UNIFORM TITLE
Uniform title Women in Africa and the diaspora.
9 (RLIN) 51085
906 ## - LOCAL DATA ELEMENT F, LDF (RLIN)
a 7
b cbc
c orignew
d 1
e ecip
f 20
g y-gencatlg
942 ## - ADDED ENTRY ELEMENTS (KOHA)
Source of classification or shelving scheme Library of Congress Classification
Koha item type Monograph ( Printed materials)
Holdings
Withdrawn status Lost status Source of classification or shelving scheme Damaged status Not for loan Collection code Home library Current library Shelving location Date acquired Total Checkouts Full call number Barcode Date last seen Price effective from Koha item type
    Library of Congress Classification     Main Collection ARRUPE LIBRARY ARRUPE LIBRARY Main Collection 30/03/2022   DT433.287.A46 A3 2015 46600008233 30/03/2022 30/03/2022 Monograph ( Printed materials)

 

Arrupe Library. PO Box MP320 Mt Pleasant, Harare, Zimbabwe
263 242 745411|librarian@aju.ac.zw